Human Performance and Ergonomics /

Guardado en:
書目詳細資料
主要作者: Hancock, Peter A. (ed.)
格式: 圖書
語言:英语
出版: San Diego, EUA : Academic Press, 1999, c1999
叢編:(Handbook of Perception and Cognition. Second Edition)
主題:
標簽: 添加標簽
沒有標簽, 成為第一個標記此記錄!

MARC

LEADER 00000nam^a2200000^a^4500
001 000271774
005 20250521000000.0
009 20260310111038.56
037 |a Acervo ITESO - Biblioteca 
041 |a ING 
082 |a 620. 82  |b HAN 
100 |a Hancock, Peter A.  |e (ed.) 
245 1 0 |a Human Performance and Ergonomics /  |c Ed. de P.A. Hancock. 
264 4 |a San Diego, EUA :  |b Academic Press,  |c 1999, c1999 
300 |a XXIV, 397 p. 
336 |a texto  |b txt  |2 rdacontenido 
337 |a sin mediación  |b n  |2 rdamedio 
338 |a volumen  |b nc  |2 rdasoporte 
440 1 |a (Handbook of Perception and Cognition.  |p Second Edition) 
649 |a XX 
650 |a Interacción Hombre-Máquina -  |x Tema Principal 
650 |a Ergonomía -  |x Tema Principal 
650 |a Calidad de Vida 
650 |a Toma de Decisiones 
650 |a Biomecánica 
650 |a Psicología Ambiental 
650 |a Ingeniería Ambiental 
650 |a Ingeniería 
910 |a Fondo General 
920 |a Impresos - Libros 
930 |a Colección General 
905 |a 101 
901 |a 0500157460  |b IT1  |c ACC  |u 20250521 
902 |a https://opac.biblio.iteso.mx/vufind/Record/000271774